000 00732nam a2200229Ia 4500
003 GCL
005 20240530105122.0
008 140319s9999 xx 000 0 ara d
040 _aGCL /
_cGCL
082 0 4 _a624.15/
_bس م
100 1 _a ستغ، ب.
245 1 0 _aميكانيك التربة وهندسة الاسس /
_cتاليف ب. ستغ، ش براكاش ؛ تعريب محمد عمر العشو
260 _a[S.N] :
_bجامعة الموصل
300 _a605 ص
650 0 4 _aالتربية
650 0 4 _aالاساسات
650 0 4 _aميكانيكا التربة
650 0 4 _aهندسة التربة
700 1 _aبراكش، ش .
700 0 _aمحمد عمر العشو
_eمترجم
942 _2ddc
_cBK
999 _c53306
_d53306